An employment-oriented investment strategy for Europe /

Bibliographic Details
Corporate Author: International Labour Organization. Research Department, (Author)
Format: eBook
Language:English
Published: Geneva, Switzerland : International Labour Organization, 2015.
Series:Studies on growth with equity.
Subjects:
Online Access:Click to View
LEADER 02003nam a2200445 i 4500
001 EBC2083397
003 MiAaPQ
005 20200520144314.0
006 m o d |
007 cr cnu||||||||
008 150801t20152015sz ad ob 000 0 eng d
020 |z 9789221294092 
020 |a 9789221294108 (e-book) 
035 |a (MiAaPQ)EBC2083397 
035 |a (Au-PeEL)EBL2083397 
035 |a (CaPaEBR)ebr11080865 
035 |a (OCoLC)913696221 
040 |a MiAaPQ  |b eng  |e rda  |e pn  |c MiAaPQ  |d MiAaPQ 
043 |a e------ 
050 4 |a HG4529  |b .I584 2015 
082 0 |a 332.6  |2 23 
110 2 |a International Labour Organization.  |b Research Department,  |e author. 
245 1 3 |a An employment-oriented investment strategy for Europe /  |c International Labour Organization. Research Department. 
264 1 |a Geneva, Switzerland :  |b International Labour Organization,  |c 2015. 
264 4 |c 2015 
300 |a 1 online resource (54 pages) :  |b illustrations, charts. 
336 |a text  |2 rdacontent 
337 |a computer  |2 rdamedia 
338 |a online resource  |2 rdacarrier 
490 1 |a Studies on Growth with Equity 
504 |a Includes bibliographical references. 
588 |a Description based on online resource; title from PDF title page (ebrary, viewed August 1, 2015). 
590 |a Electronic reproduction. Ann Arbor, MI : ProQuest, 2016. Available via World Wide Web. Access may be limited to ProQuest affiliated libraries. 
650 0 |a Investment analysis  |z Europe. 
650 0 |a Investments, Foreign  |z Europe. 
655 4 |a Electronic books. 
776 0 8 |i Print version:  |a International Labour Organization. Research Department.  |t Employment-oriented investment strategy for Europe.  |d Geneva, Switzerland : International Labour Organization, c2015   |h vii, 43 pages   |k Studies on growth with equity.  |z 9789221294092 
797 2 |a ProQuest (Firm) 
830 0 |a Studies on growth with equity. 
856 4 0 |u https://ebookcentral.proquest.com/lib/matrademy/detail.action?docID=2083397  |z Click to View